<?xml version="1.0" encoding="UTF-8"?>
<record
    xmlns:xsi="http://www.w3.org/2001/XMLSchema-instance"
    xsi:schemaLocation="http://www.loc.gov/MARC21/slim http://www.loc.gov/standards/marcxml/schema/MARC21slim.xsd"
    xmlns="http://www.loc.gov/MARC21/slim">

  <leader>01305nam a22002657a 4500</leader>
  <controlfield tag="005">20170124103140.0</controlfield>
  <datafield tag="010" ind1=" " ind2=" ">
    <subfield code="a">A-815945</subfield>
  </datafield>
  <datafield tag="020" ind1=" " ind2=" ">
    <subfield code="c">275.00</subfield>
  </datafield>
  <datafield tag="035" ind1=" " ind2=" ">
    <subfield code="a">A-815945</subfield>
  </datafield>
  <datafield tag="037" ind1=" " ind2=" ">
    <subfield code="b">Cen Lib/Ret</subfield>
  </datafield>
  <datafield tag="040" ind1=" " ind2=" ">
    <subfield code="a">DPL</subfield>
    <subfield code="b">HN</subfield>
  </datafield>
  <datafield tag="082" ind1=" " ind2=" ">
    <subfield code="a">230</subfield>
    <subfield code="b">&#x905;&#x935;&#x938;&#x94D;&#x925;&#x940; </subfield>
  </datafield>
  <datafield tag="100" ind1=" " ind2=" ">
    <subfield code="a">&#x905;&#x935;&#x938;&#x94D;&#x925;&#x940;, &#x935;&#x93F;&#x936;&#x94D;&#x935;&#x92E;&#x94D;&#x92D;&#x930; &#x926;&#x92F;&#x93E;&#x932; </subfield>
    <subfield code="9">51681</subfield>
  </datafield>
  <datafield tag="245" ind1=" " ind2=" ">
    <subfield code="a">&#x927;&#x930;&#x94D;&#x92E; &#x914;&#x930; &#x926;&#x930;&#x94D;&#x936;&#x928; :</subfield>
    <subfield code="c">&#x935;&#x93F;&#x936;&#x94D;&#x935;&#x92E;&#x94D;&#x92D;&#x930; &#x926;&#x92F;&#x93E;&#x932; &#x905;&#x935;&#x938;&#x94D;&#x925;&#x940;</subfield>
    <subfield code="b">&#x939;&#x93F;&#x926;&#x942; &#x927;&#x930;&#x94D;&#x92E; &#x914;&#x930; &#x926;&#x930;&#x94D;&#x936;&#x928; &#x915;&#x93E; &#x924;&#x93E;&#x924;&#x94D;&#x935;&#x93F;&#x915; &#x935;&#x93F;&#x935;&#x947;&#x91A;&#x928; /</subfield>
  </datafield>
  <datafield tag="246" ind1=" " ind2=" ">
    <subfield code="a">Dharm aur darshan : hindu dharm aur darshan ka tatvik vivechan /</subfield>
    <subfield code="b">by Vishvambhar Dyal Avasthi</subfield>
  </datafield>
  <datafield tag="260" ind1=" " ind2=" ">
    <subfield code="a">&#x907;&#x932;&#x93E;&#x939;&#x93E;&#x92C;&#x93E;&#x926;</subfield>
    <subfield code="b">&#x938;&#x930;&#x938;&#x94D;&#x935;&#x924;&#x940; &#x92A;&#x94D;&#x930;&#x915;&#x93E;&#x936;&#x928; &#x92E;&#x902;&#x926;&#x93F;&#x930; </subfield>
    <subfield code="c">1996</subfield>
  </datafield>
  <datafield tag="270" ind1=" " ind2=" ">
    <subfield code="a">83-&#x90F;/69-&#x90F;, &#x928;&#x92F;&#x93E; &#x92C;&#x948;&#x930;&#x939;&#x928;&#x93E; </subfield>
    <subfield code="b">&#x907;&#x932;&#x93E;&#x939;&#x93E;&#x92C;&#x93E;&#x926;</subfield>
    <subfield code="e">211003</subfield>
  </datafield>
  <datafield tag="300" ind1=" " ind2=" ">
    <subfield code="a">390&#x92A;&#x943;. </subfield>
    <subfield code="c">21&#x938;&#x947;&#x92E;&#x940;(&#x938;&#x91C;&#x93F;&#x932;&#x94D;&#x926;)</subfield>
  </datafield>
  <datafield tag="500" ind1=" " ind2=" ">
    <subfield code="a">&#x905;&#x928;&#x941;&#x915;&#x94D;&#x930;&#x92E;&#x923;&#x93F;&#x915;&#x93E;  &#x936;&#x93E;&#x92E;&#x93F;&#x932; </subfield>
  </datafield>
  <datafield tag="650" ind1=" " ind2=" ">
    <subfield code="a">&#x927;&#x930;&#x94D;&#x92E;--&#x935;&#x93F;&#x92D;&#x93F;&#x928; &#x930;&#x942;&#x92A; </subfield>
    <subfield code="9">54127</subfield>
  </datafield>
  <datafield tag="650" ind1=" " ind2=" ">
    <subfield code="a">&#x91C;&#x940;&#x935;&#x93E;&#x924;&#x94D;&#x92E;&#x93E; &#x915;&#x93E; &#x938;&#x94D;&#x935;&#x930;&#x941;&#x92A; </subfield>
    <subfield code="9">1911</subfield>
  </datafield>
  <datafield tag="650" ind1=" " ind2=" ">
    <subfield code="a">Religion--as various</subfield>
    <subfield code="9">85440</subfield>
  </datafield>
  <datafield tag="650" ind1=" " ind2=" ">
    <subfield code="a"> Nature of the individual soul</subfield>
    <subfield code="9">85441</subfield>
  </datafield>
  <datafield tag="942" ind1=" " ind2=" ">
    <subfield code="2">ddc</subfield>
    <subfield code="c">HN</subfield>
    <subfield code="h">230</subfield>
    <subfield code="m">&#x905;&#x935;&#x938;&#x94D;&#x925;&#x940; </subfield>
  </datafield>
  <datafield tag="999" ind1=" " ind2=" ">
    <subfield code="c">119533</subfield>
    <subfield code="d">119533</subfield>
  </datafield>
  <datafield tag="952" ind1=" " ind2=" ">
    <subfield code="0">0</subfield>
    <subfield code="1">0</subfield>
    <subfield code="4">0</subfield>
    <subfield code="7">0</subfield>
    <subfield code="a">L</subfield>
    <subfield code="b">L</subfield>
    <subfield code="d">2015-09-17</subfield>
    <subfield code="e">Cen Lib/Ret</subfield>
    <subfield code="g">275.00</subfield>
    <subfield code="l">2</subfield>
    <subfield code="o">230 &#x905;&#x935;&#x938;&#x94D;&#x925;&#x940;</subfield>
    <subfield code="p">A-815945</subfield>
    <subfield code="r">2025-05-01 00:00:00</subfield>
    <subfield code="s">2025-04-29</subfield>
    <subfield code="t">1</subfield>
    <subfield code="v">275.00</subfield>
    <subfield code="w">2015-09-17</subfield>
    <subfield code="y">HN</subfield>
  </datafield>
</record>
